000 01230nam a2200241 a 4500
008 120416s1980 ||||||||||||||||| || u
020 _a0070332533
050 _aRC 440 Kal
100 _aDavis, Anne J., 1931-
245 1 0 _aNew dimensions in mental health-psychiatric nursing. (5th ed.)
250 _a5th ed.
260 _aNew York
_bMcGraw-Hill
_c1980
300 _axi, 612p.
350 _a0.00
500 _aBibliography.
650 0 _aPSYCHIATRY
650 0 _aPSYCHIATRIC NURSING
700 _aKalkman, Marion E., 1904-
995 _aANNEX COLLECTION (Main Library)
_D0.00
_e710296
_FCBU-MAIN LIBRARY (Kitwe)
_H3
_I31.95
_jRC 440 Kal
_M3
_UAVAILABLE
_WApr 12, 2007
_y013145
_ZAnnex Low-Usage Collection
995 _aANNEX COLLECTION (Main Library)
_D0.00
_e710295
_FCBU-MAIN LIBRARY (Kitwe)
_H1
_I31.95
_jRC 440 Kal
_M1
_UAVAILABLE
_WApr 12, 2007
_y013146
_ZAnnex Low-Usage Collection
995 _aANNEX COLLECTION (Main Library)
_D0.00
_e710294
_FCBU-MAIN LIBRARY (Kitwe)
_H2
_I31.95
_jRC 440 Kal
_M2
_UAVAILABLE
_WApr 12, 2007
_y013147
_ZAnnex Low-Usage Collection
995 _aMAIN LIBRARY OPEN ACCESS
_D0.00
_e710293
_FCBU-MAIN LIBRARY (Kitwe)
_H4
_I31.95
_jRC 440 Kal
_M4
_UAVAILABLE
_WApr 12, 2007
_y013148
_ZMain Library Open Access Collection
999 _c78765
_d78765